00504nam a2200145Ia 4500008004100000020001800041050002500059100002600084245009700110260003800207300002100245500005100266521000900317650003200326140527s9999 xx 000 0 und d a9789712350252 aHF 5691b.Al465 2013 aAltares, Priscilla S. aMathematics of investment /cPriscilla S. Altares, Abner A. Aquino, Rosalia R. Arao, et. Al. aManila :bRex Book Store,cc2013. a301 p. :c26 cm. aIncludes index and bibliographical references. aBSBA aLife insurancexMathematics